000 01503nac a22003731i 4500
003 EG-ScBUE
005 20250709083306.0
008 250701t2004 flua f b 001 0 eng d
020 _a0849304857
020 _a9780849304859
035 _a(OCoLC)ocm03208084
040 _aEG-ScBUE
_beng
_erda
_cEG-ScBUE
_dEG-ScBUE
082 0 4 _a540
_222
_bCRC
245 0 0 _aCRC handbook of chemistry and physics :
_ba ready-reference book of chemical and physical data /
_ceditor-in-Chief David R. Lide, Ph.D., former director, standard reference data, National Institute of Standards and Technology.
246 3 0 _aHandbook of chemistry and physics
250 _aEighty-fifth edition.
264 1 _aBoca Raton, Florida :
_bCRC Press,
_c[2004]
264 4 _cc2004
300 _a1 volume (various pagings) :
_billustrations ;
_c26 cm
336 _2rdacontent
_atext
_btxt
337 _aunmediated
_2rdamedia
_bn
338 _avolume
_bnc
_2rdacarrier
500 _a"A ready-reference book of chemical and physical data."
500 _aPublished: Boca Raton, Fla., <2004->
500 _aThe 85th ed. accompanied by reprint of 1st ed., published under earlier title.
500 _aLatest issue consulted: 85th ed. (2004/2005).
500 _aIncludes Appendices.
504 _aIncludes bibliographical references and index.
650 7 _aChemistry
_vTables.
_2BUEsh
650 7 _aPhysics
_vTables.
_2BUEsh
655 _vReading book
700 1 _aLide, David R.,
_cJr.,
_d1928-
_eeditor.
942 _cNB
_2ddc
999 _c2218
_d2218